000 00789nam a2200265 i 4500
001 C2-0340682
003 PPAK
005 20180728142540.0
008 170207s2015 my a|||| ||||| | may d
020 _a9789834619657
040 _aPPAK
_beng
_cPPAK
_erda
082 0 4 _a616.152
_223
090 0 0 _a616.152
_bZUR
_dG
100 0 _aZuraida Zainun,
_cDr.
_eauthor
245 1 0 _a100 persoalan mengenai anemia
264 1 _aKuala Lumpur :
_bDewan Bahasa dan Pustaka ,
_c2015
300 _axiii, 130 pages :
_bcolour photographs ;
_c23 cm
336 _2rdacontent
_atext
337 _2rdamedia
_aunmediated
338 _2rdacarrier
_avolume
500 _aBibliography pages : 117-121 ; Includes indexes
650 1 0 _aAnemia. ; Blood - Diseases.
700 _eauthor
942 _ddc
_cB
999 _c137822
_d137822